000 00522cam a22001457a 4500
008 180718b1967 xxu||||| |||| 00| 0 eng d
082 _aBA27 R631
100 _aRogers, Edward S.
245 _aHuman ecology: toward a holistic method
_cby Edward S. Rogers and Harley B. Messinger
260 _aNew York
_bMilbank Memorial Fund
_c1967
300 _ap. 25-42
500 _aReprinted from the Milbank Memorial Fund Quarterly, vol. XLV. no. 1 part 1 , January 1967
650 _aHuman ecology
700 _aMessinger, Harley B.
999 _c483906
_d483906